000 00723nam a2200217 a 4500
999 _c4183
_d4183
003 BD-JhCC
005 20171123195153.0
008 171123r19611955bg a|||| |||| 001 0 eng d
035 _a(BD-JhCC)
040 _aBD-JhCC
_dBD-JhCC
041 _aeng
082 _a915.4
_bRAW 1961
100 _aRawlinson, H. G.
_c1880-1957
_q(Hugh George),
245 _aThe land and people of India /
_c H. G. Rawlinson
260 _aLondon and New York :
_bA. & C. Black and Macmillan,
_c1961.
300 _a90 p. :
_billustrations
_c20 cm.
500 _aAlso published under title: India. "First published 1955; reprinted, with corrections ... 1961."
650 _aIndia
_xDescription and travel.
942 _2ddc
_cBK